| 000 | 01081nam a22003015i 4500 | ||
|---|---|---|---|
| 001 | 13088 | ||
| 003 | ES-MaACL | ||
| 005 | 20230906150504.0 | ||
| 007 | t| | ||
| 008 | 941028s1994 sp ||||0| spa j | ||
| 020 | _a84-7433-982-0 | ||
| 040 |
_aM-BN _bspa _cM-BN |
||
| 080 | _a621.397.48 | ||
| 080 | _a061.68 | ||
| 100 | 1 |
_aValiño Castro, Luis Miguel. _9112708 |
|
| 245 | 1 | 0 |
_aCentros servidores de información / _cLuis Miguel Valiño Castro, Valentí Guasch Brull. |
| 260 |
_aMadrid : _bCentro de Publicaciones, Ministerio de Obras Públicas, Transportes y Medio Ambiente, _cD.L. 1994. |
||
| 300 |
_a159 p. : _bgráf. ; _c24 cm. |
||
| 490 | 1 | _aSerie monografías | |
| 504 | _aBibliografía: p. 157-158. | ||
| 650 | 4 |
_aSistemas de transmisión de datos. _917139 |
|
| 650 | 1 | 4 |
_aServicios de información. _917064 |
| 700 | 1 |
_aGuasch Brull, Valentí. _960359 |
|
| 710 | 1 |
_aEspaña. _bMinisterio de Obras Públicas, Transportes y Medio Ambiente. _93915 |
|
| 830 | 0 |
_aSerie monografías _9179418 |
|
| 852 |
_aES-MaACL _jL-20440 _bR.123787 |
||
| 999 |
_c13088 _d13088 |
||